Die teuersten Fußballtransfers - Saison 2013-2014 - Statistiken

Allgemein
  • Dieses Quiz wurde 59 mal gespielt
  • Das Durchschnittsergebnis liegt bei 8 aus 10
Antwortstatistiken
Ablöse (M €) Nationalität Abgebender Verein Aufnehmender Verein Spieler % Korrekt
101,00 Wales Tottenham Real Madrid Gareth Bale
100%
88,00 Brasilien FCSantos FC Barcelona Neymar
100%
64,50 Uruguay SSC Neapel Paris SG Edinson Cavani
98%
47,00 Deutschland Real Madrid FC Arsenal Mesut Özil
98%
37,00 Deutschland Borussia Dortmund Bayern München Mario Götze
94%
45,00 Kolumbien FC Porto AS Monaco James Rodríguez
76%
43,00 Kolumbien Atlético Madrid Monaco Radamel Falcao
76%
39,00 Argentinien Real Madrid SSCSSC NeapelNapoli Gonzalo Higuain
59%
40,00 Brasilien Shakhtar D. Manchester City Fernandinho
51%
44,73 Spanien FC Chelsea Manchester Utd Juan Mata
51%
Keine übereinstimmenden Quizze gefunden
Verteilung der Resultate
Anzahl Personen mit jedem Resultat
Perzentil nach korrekt beantworteten Fragen
Ihre Resultats-Entwicklung
Sie haben dieses Quiz noch nicht gespielt